[Event "Prague op-B 20th"]
[Site "Prague"]
[Date "2022.01.07"]
[Round "1"]
[White "Tomanek, Karel"]
[Black "Karlsson, Peter1111"]
[Result "1/2-1/2"]
[WhiteElo "1322"]
[BlackElo "1726"]
[PlyCount "64"]
[EventDate "2022.01.07"]
[EventType "swiss"]
[EventRounds "9"]
[EventCountry "CZE"]
[SourceTitle "CBM 206 Extra"]
[Source "ChessBase"]
[SourceDate "2022.03.31"]
[SourceVersion "1"]
[SourceVersionDate "2022.03.31"]
[SourceQuality "1"]

1. d4 Nf6 2. c4 c5 3. e3 g6 4. Nc3 Bg7 5. Nf3 cxd4 6. exd4 d6 7. Be2 0-0 8. 0-0 Nc6 9. a3 Bg4 10. h3 Bxf3 11. Bxf3 Rc8 12. Be3 a6 13. b4 Qc7 14. Rc1 e5 15. Nd5 Qd8 16. Nxf6+ Bxf6 17. d5 Nd4 18. Bg4 Rb8 19. Bh6 Bg7 20. Bxg7 Kxg7 21. f4 f5 22. Be2 Nxe2+ 23. Qxe2 e4 24. Rc3 Rc8 25. Qb2 Qf6 26. Rb1 Rfd8 27. Rc2 Rc7 28. Qxf6+ Kxf6 29. Kf2 b6 30. Ke3 h6 31. g3 Rdc8 32. Rbc1 Rd7 1/2-1/2